000 00614nam a2200229 i 4500
001 C2-0217130
003 PPAK
005 20180728105604.0
008 990606s1987 my |||| ||||| | may d
040 _aPPAK
_beng
_cPPAK
_erda
082 0 4 _a899.233
_2 23
090 0 0 _a899.233
_bTAW
_dKSA
100 1 _aTawaf, Mohd. Isnin,
_eauthor
245 1 0 _aDari daerah pendalaman
264 1 _aKuala Lumpur :
_bPenerbitan Pena ,
_c1987
300 _a136 pages ;
_c18 cm
336 _2rdacontent
_atext
337 _2rdamedia
_aunmediated
338 _2rdacarrier
_avolume
650 1 0 _aMalay fiction
942 _ddc
_cB
999 _c160419
_d160419